[Event "Open Tre Circoli"]
[Site "Udine ITA"]
[Date "2012.02.11"]
[Round "3"]
[White "Facchin, Francesco"]
[Black "Stefanutti, Piero"]
[WhiteElo "1733"]
[BlackElo "1501"]
[Result "1-0"]
[PlyCount "87"]
[EventDate "2012.01.21"]

1. e4 e6 2. d4 d5 3. Nc3 Bb4 4. Bd3 dxe4 5. Bxe4 Nf6 6. Bf3 Na6 7. Nge2 c6 8.
O-O O-O 9. Na4 Be7 10. c4 c5 11. Bf4 cxd4 12. Nxd4 Nd7 13. Re1 Ndc5 14. Nxc5
Bxc5 15. Nb5 Qb6 16. Re2 f6 17. Rd2 e5 18. Bg3 Be6 19. Nd6 Rab8 20. Qb3 Nb4 21.
Ne4 Rfd8 22. Rad1 Bd4 23. a3 Nc6 24. Qxb6 Bxb6 25. c5 Rxd2 26. Rxd2 Bc7 27. b4
Nd4 28. Bd1 Bc4 29. Rxd4 exd4 30. Bxc7 Re8 31. f3 f5 32. Nd2 Re1+ 33. Kf2 Rxd1
34. Nxc4 Rc1 35. Nd2 Rc2 36. Ke2 Ra2 37. Be5 d3+ 38. Kxd3 Rxa3+ 39. Bc3 Kf7 40.
Nc4 Ra2 41. Nd6+ Kg6 42. Nxb7 Rxg2 43. c6 Ra2 44. c7 1-0

[Event "Open Tre Circoli"]
[Site "Udine ITA"]
[Date "2012.02.11"]
[Round "3"]
[White "Marziali, Giulio"]
[Black "Russotto, Gioele"]
[WhiteElo "1502"]
[BlackElo "1404"]
[Result "1/2-1/2"]
[PlyCount "51"]
[EventDate "2012.01.21"]

1. d4 d5 2. c4 dxc4 3. e4 e6 4. Bxc4 Nf6 5. Nc3 Bb4 6. Bg5 Be7 7. Nf3 b6 8. O-O
Bb7 9. Qc2 h6 10. Bh4 O-O 11. Rad1 Nfd7 12. Bg3 Nf6 13. a3 Nh5 14. Ba2 Nxg3 15.
fxg3 Nd7 16. Bb1 Re8 17. g4 Ba6 18. e5 Nf8 19. Rf2 Qc8 20. b4 c5 21. d5 exd5
22. Nxd5 cxb4 23. axb4 Qxg4 24. Qc7 Bd8 25. Qd6 Qe6 26. Qxe6 1/2-1/2

[Event "Open Tre Circoli"]
[Site "Udine ITA"]
[Date "2012.02.11"]
[Round "3"]
[White "Muradore, Aldo"]
[Black "Bisaro, Andrea"]
[WhiteElo "1551"]
[BlackElo "1756"]
[Result "1-0"]
[PlyCount "83"]
[EventDate "2012.01.21"]

1. d4 d5 2. g3 Nf6 3. Bg2 Bf5 4. Nf3 Nbd7 5. Nbd2 e6 6. Nh4 Bg6 7. Nxg6 hxg6 8.
Nf3 Ne4 9. Nd2 Nd6 10. O-O Nf6 11. Rb1 Ng4 12. Nf3 Be7 13. Bf4 g5 14. Bxd6 Bxd6
15. Qd3 c6 16. e4 dxe4 17. Qxe4 Nf6 18. Qe2 g4 19. Ne5 Qa5 20. a3 Bxe5 21. dxe5
Nd7 22. Qxg4 Qxe5 23. h3 O-O-O 24. Rfe1 Qf6 25. b4 Nb6 26. b5 c5 27. Qe4 Qe7
28. Rbd1 Rhe8 29. a4 Rxd1 30. Rxd1 f5 31. Qe3 Nxa4 32. Ra1 Nb6 33. Rxa7 Qd6 34.
Rxb7 Nd5 35. Bxd5 Qxd5 36. Rxg7 Qd1+ 37. Kg2 Qxc2 38. Qa3 Qe4+ 39. Kh2 Qe5 40.
Qa8+ Qb8 41. Qc6+ Kd8 42. Qd7# 1-0

[Event "Open Tre Circoli"]
[Site "Udine ITA"]
[Date "2012.02.11"]
[Round "3"]
[White "Pontonutti, Luciana"]
[Black "Dizorz, Marco"]
[WhiteElo "1442"]
[BlackElo "1529"]
[Result "0-1"]
[PlyCount "50"]
[EventDate "2012.01.21"]

1. e4 d5 2. exd5 Qxd5 3. Nc3 Qa5 4. Nge2 Nf6 5. d3 c6 6. Bd2 Qc7 7. Bf4 e5 8.
Bg3 Bd6 9. Qd2 O-O 10. Bh4 Be7 11. Bxf6 Bxf6 12. Ne4 Qe7 13. N2g3 g6 14. Be2
Be6 15. O-O Nd7 16. c4 Rfd8 17. Qe3 Bg7 18. Qc1 Nc5 19. Qc2 Bh6 20. Nxc5 Qxc5
21. Ne4 Qd4 22. Rad1 f5 23. Qc3 fxe4 24. Qxd4 Rxd4 25. b3 e3 0-1

[Event "Open Tre Circoli"]
[Site "Udine ITA"]
[Date "2012.02.11"]
[Round "3"]
[White "Roiatti, Noris"]
[Black "Pellicoro, Roberto"]
[WhiteElo "1769"]
[BlackElo "1404"]
[Result "1-0"]
[PlyCount "39"]
[EventDate "2012.01.21"]

1. e4 e5 2. Nf3 Nc6 3. d4 exd4 4. Nxd4 Nxd4 5. Qxd4 Nf6 6. e5 Ng8 7. Bc4 Ne7 8.
Bg5 h6 9. Bh4 c6 10. Nc3 Nf5 11. Bxd8 Nxd4 12. O-O-O Kxd8 13. Rxd4 Bc5 14. Rf4
d5 15. exd6 Bxd6 16. Rd1 Kc7 17. Rxf7+ Bd7 18. Ne4 Rhf8 19. Nxd6 Rxf7 20. Nxf7
1-0

[Event "Open Tre Circoli"]
[Site "Udine ITA"]
[Date "2012.02.11"]
[Round "3"]
[White "Salone, Andrea"]
[Black "Menon, Michele"]
[WhiteElo "1572"]
[BlackElo "1786"]
[Result "1-0"]
[PlyCount "95"]
[EventDate "2012.01.21"]

1. Nf3 d5 2. g3 c5 3. Bg2 Nc6 4. d3 e5 5. O-O Nf6 6. Bg5 Be7 7. Nc3 a6 8. Bxf6
Bxf6 9. Nd2 Be6 10. e4 d4 11. Nd5 O-O 12. Nxf6+ Qxf6 13. f4 Bd7 14. Nc4 Qe7 15.
Qh5 f6 16. a3 b5 17. Nd2 Rab8 18. Bh3 Be8 19. Qg4 Qc7 20. Nf3 c4 21. Nh4 Ne7
22. fxe5 Qxe5 23. Rf2 Bh5 24. Qe6+ Qxe6 25. Bxe6+ Bf7 26. Bxf7+ Rxf7 27. Raf1
cxd3 28. cxd3 b4 29. e5 bxa3 30. exf6 Rxf6 31. Rxf6 gxf6 32. bxa3 Kg7 33. Rf4
Rd8 34. Kf2 Rd5 35. Nf3 Nc6 36. Re4 a5 37. Re6 Ne5 38. Ke2 Kf7 39. Rb6 Ng4 40.
h3 Ne3 41. Nxd4 Rxd4 42. Kxe3 Ra4 43. Rb3 Ke6 44. Rb6+ Kf5 45. Rb3 Ke6 46. d4
h6 47. Rd3 Kd5 48. g4 1-0

[Event "Open Tre Circoli"]
[Site "Udine ITA"]
[Date "2012.02.11"]
[Round "3"]
[White "Santacroce, Fidel"]
[Black "Orsatti, Marcello"]
[WhiteElo "1574"]
[BlackElo "1976"]
[Result "0-1"]
[PlyCount "66"]
[EventDate "2012.01.21"]

1. d4 d5 2. Nf3 Nf6 3. Bf4 e6 4. e3 Bd6 5. Bxd6 Qxd6 6. a3 O-O 7. Bd3 Nbd7 8.
Nbd2 e5 9. dxe5 Nxe5 10. Nxe5 Qxe5 11. c3 Bg4 12. Be2 Bf5 13. Nf3 Qe7 14. O-O
c5 15. Re1 Rad8 16. Nh4 Be6 17. Qa4 a6 18. Bd3 g6 19. Nf3 Bg4 20. Nd2 Rfe8 21.
f3 Bd7 22. Qd1 Bc6 23. b4 Nd7 24. f4 Qf6 25. Rc1 d4 26. exd4 cxd4 27. g3 dxc3
28. Ne4 Qd4+ 29. Nf2 Nf6 30. Rxe8+ Rxe8 31. Qc2 Qd5 32. Nd1 Qh1+ 33. Kf2 Qg2#
0-1

[Event "Open Tre Circoli"]
[Site "Udine ITA"]
[Date "2012.02.11"]
[Round "3"]
[White "Simoni, Giulio"]
[Black "Degano, Emanuele"]
[WhiteElo "1658"]
[BlackElo "1725"]
[Result "1/2-1/2"]
[PlyCount "77"]
[EventDate "2012.01.21"]

1. e4 d5 2. exd5 Qxd5 3. Nc3 Qa5 4. g3 Nf6 5. Bg2 c6 6. d3 g6 7. Bd2 Qc7 8. Nf3
Bg7 9. Rb1 O-O 10. O-O Nd5 11. Nxd5 cxd5 12. d4 Nc6 13. c3 Bf5 14. Rc1 Qd7 15.
Bf4 Be4 16. Re1 f5 17. Ng5 e5 18. dxe5 Nxe5 19. Nxe4 dxe4 20. Bxe5 Qxd1 21.
Rcxd1 Bxe5 22. Rd7 Rab8 23. f3 Rf7 24. Rxf7 Kxf7 25. fxe4 fxe4 26. Rxe4 Bd6 27.
Rh4 Kg7 28. Kf2 Bc5+ 29. Ke2 b6 30. Re4 Rf8 31. Bf3 Rf7 32. h3 Re7 33. Rxe7+
Bxe7 34. Ke3 Kf6 35. Kd4 a6 36. a3 h5 37. g4 h4 38. b4 Kg5 39. Ke4 1/2-1/2

[Event "Open Tre Circoli"]
[Site "Udine ITA"]
[Date "2012.02.11"]
[Round "3"]
[White "Sorgo, Roberto"]
[Black "Pillon, Giovanni Pietro"]
[WhiteElo "1883"]
[BlackElo "1890"]
[Result "0-1"]
[PlyCount "118"]
[EventDate "2012.01.21"]

1. d4 Nf6 2. Nf3 e6 3. Bg5 h6 4. Bh4 c5 5. e3 Nc6 6. Nbd2 d5 7. c3 Be7 8. Bd3
Qb6 9. Rb1 Qa5 10. a3 c4 11. Bc2 Qc7 12. O-O e5 13. dxe5 Nxe5 14. Nxe5 Qxe5 15.
e4 O-O 16. exd5 Qxd5 17. Qe2 Be6 18. Ne4 Rfe8 19. Nxf6+ Bxf6 20. Bxf6 gxf6 21.
Qe3 Kg7 22. Be4 Qg5 23. f4 Qa5 24. Qg3+ Kh8 25. Qh4 Kg7 26. Rf3 f5 27. Rg3+ Kh7
28. Rh3 Qc5+ 29. Kh1 Qf8 30. Bxb7 Rab8 31. Bf3 Red8 32. g4 Rd2 33. g5 Rdxb2 34.
Rxb2 Rxb2 35. Qe1 Qb8 36. Rxh6+ Kg7 37. Qe3 Qd6 38. h4 Rd2 39. Be2 Ra2 40. h5
Rxa3 41. Rf6 Ra2 42. h6+ Kh7 43. g6+ Kh8 44. Rxe6 fxe6 45. Qf3 Qd5 46. Kg1 Qxf3
47. Bxf3 Ra6 48. Be2 Rc6 49. Kf2 Rc5 50. Kg3 e5 51. fxe5 Rxe5 52. Kf3 Rxe2 53.
Kxe2 a5 54. Ke3 a4 55. Kf4 a3 56. Kxf5 a2 57. Kf6 a1=Q 58. Kf7 Qf1+ 59. Ke7 Qf5
0-1

[Event "Open Tre Circoli"]
[Site "Udine ITA"]
[Date "2012.02.18"]
[Round "4"]
[White "Canciani, Sardo"]
[Black "Santacroce, Fidel"]
[WhiteElo "1430"]
[BlackElo "1574"]
[Result "1/2-1/2"]
[PlyCount "67"]
[EventDate "2012.01.21"]

1. d4 d5 2. Bf4 Nf6 3. e3 Bg4 4. Nf3 e6 5. Nbd2 Nh5 6. Bg3 Nxg3 7. hxg3 Nc6 8.
Be2 Bd6 9. c3 Qe7 10. e4 dxe4 11. Nxe4 f5 12. Nxd6+ Qxd6 13. Nd2 Bxe2 14. Qxe2
O-O-O 15. Nc4 Qd5 16. O-O-O b5 17. Ne5 Nxe5 18. Qxe5 Qxe5 19. dxe5 Rd5 20. Rxd5
exd5 21. a3 Kd7 22. Kc2 Ke6 23. f4 c5 24. Kd3 h6 25. b4 Rc8 26. Rc1 a5 27. Rc2
axb4 28. cxb4 c4+ 29. Kd4 Rc6 30. Rc3 g5 31. Rf3 g4 32. Rc3 Rc8 33. Rc1 Rc6 34.
Rc3 1/2-1/2

[Event "Open Tre Circoli"]
[Site "Udine ITA"]
[Date "2012.02.18"]
[Round "4"]
[White "Capaliku, Aleks"]
[Black "Degano, Emanuele"]
[WhiteElo "2099"]
[BlackElo "1725"]
[Result "1-0"]
[PlyCount "95"]
[EventDate "2012.01.21"]

1. e4 d5 2. exd5 Qxd5 3. Nc3 Qa5 4. Nf3 Nf6 5. Be2 a6 6. O-O c5 7. d3 Qc7 8.
Bg5 e6 9. Ne4 Nbd7 10. Nxf6+ Nxf6 11. Re1 b6 12. Bxf6 gxf6 13. Nd2 Bb7 14. Bf3
O-O-O 15. Bxb7+ Qxb7 16. Qf3 f5 17. Qxb7+ Kxb7 18. f4 Bg7 19. Nc4 Rd4 20. g3
Rhd8 21. Rad1 b5 22. Ne5 Bxe5 23. Rxe5 c4 24. Re3 cxd3 25. Rexd3 Rxd3 26. cxd3
Kc7 27. Kf2 Kd6 28. Rc1 f6 29. d4 Rd7 30. b4 Rc7 31. Rc5 Rxc5 32. dxc5+ Kd5 33.
Ke3 h5 34. Kf3 Kc6 35. Kg2 Kd5 36. Kh3 e5 37. Kh4 e4 38. Kh3 Kc6 39. Kg2 Kd5
40. Kf2 Kc6 41. Ke2 Kd5 42. Ke3 Kc6 43. Kd4 Kd7 44. h3 Kc6 45. g4 fxg4 46. Kxe4
f5+ 47. Ke3 h4 48. hxg4 1-0

[Event "Open Tre Circoli"]
[Site "Udine ITA"]
[Date "2012.02.18"]
[Round "4"]
[White "Dizorz, Marco"]
[Black "Menon, Michele"]
[WhiteElo "1529"]
[BlackElo "1786"]
[Result "0-1"]
[PlyCount "54"]
[EventDate "2012.01.21"]

1. e4 e6 2. d4 d5 3. e5 c5 4. c3 Qb6 5. Nf3 Nc6 6. Be2 cxd4 7. cxd4 Nge7 8. b3
Nf5 9. Be3 Be7 10. O-O O-O 11. Nc3 Bd7 12. Bb5 Nxe5 13. Nxe5 Bxb5 14. Nxb5 Qxb5
15. Rc1 Rac8 16. Qh5 g6 17. Qf3 Rxc1 18. Rxc1 Bd6 19. Qd1 Bxe5 20. dxe5 Nxe3
21. fxe3 a6 22. Rc7 Qb6 23. Qc1 d4 24. Kf2 dxe3+ 25. Qxe3 Qxc7 26. Qe2 Rd8 27.
g4 Rd5 0-1

[Event "Open Tre Circoli"]
[Site "Udine ITA"]
[Date "2012.02.18"]
[Round "4"]
[White "Lena, Leonardo"]
[Black "Gentile, Bruno"]
[WhiteElo "1368"]
[BlackElo "1338"]
[Result "1/2-1/2"]
[PlyCount "111"]
[EventDate "2012.01.21"]

1. f4 d5 2. Nf3 e6 3. e3 Nf6 4. c4 c6 5. Nc3 Bb4 6. a3 Be7 7. b4 b6 8. Bd3 O-O
9. e4 dxe4 10. Bxe4 Nxe4 11. Nxe4 Bb7 12. Bb2 Nd7 13. O-O c5 14. Ng3 cxb4 15.
Ra2 Bf6 16. Qc2 Bxb2 17. Rxb2 bxa3 18. Rb3 a2 19. Ng5 Nf6 20. Nh5 g6 21. Nxf6+
Qxf6 22. Qxa2 Rfd8 23. Rh3 h5 24. g4 Qd4+ 25. Rf2 Kg7 26. gxh5 Rh8 27. Qc2 gxh5
28. Rg3 Kf8 29. Nxf7 Kxf7 30. Qg6+ Ke7 31. Qg7+ Qxg7 32. Rxg7+ Kd6 33. Rxb7
Rhg8+ 34. Kf1 h4 35. Rh7 a5 36. d4 a4 37. Ra2 Rg4 38. Kf2 Rxf4+ 39. Ke3 Rg4 40.
Rb7 Ra6 41. Rxb6+ Rxb6 42. c5+ Kd5 43. cxb6 Rxd4 44. b7 Rb4 45. Rxa4 Rxb7 46.
Rxh4 e5 47. Rh5 Rb3+ 48. Kf2 Kd4 49. Rh8 e4 50. Rd8+ Ke5 51. Re8+ Kf4 52. Rf8+
Kg5 53. Rg8+ Kf6 54. Rf8+ Ke5 55. Re8+ Kd4 56. Rd8+ 1/2-1/2

[Event "Open Tre Circoli"]
[Site "Udine ITA"]
[Date "2012.02.18"]
[Round "4"]
[White "Muradore, Aldo"]
[Black "Facchin, Francesco"]
[WhiteElo "1551"]
[BlackElo "1733"]
[Result "1/2-1/2"]
[PlyCount "101"]
[EventDate "2012.01.21"]

1. d4 f5 2. Nf3 Nf6 3. g3 e6 4. Nc3 b6 5. Bg2 Bb7 6. O-O Bxf3 7. Bxf3 d5 8. Bg5
h6 9. Bd2 Nc6 10. e3 h5 11. Ne2 g5 12. c4 Bd6 13. cxd5 exd5 14. Qa4 Qd7 15.
Rac1 Ne7 16. Qb3 a5 17. Nc3 Bb4 18. Nb1 Ne4 19. Bxb4 axb4 20. Qxb4 Rxa2 21. Na3
Nc6 22. Qb3 Rxa3 23. Qxa3 Nd2 24. Be2 Nxf1 25. Bxf1 Ne7 26. Bb5 Qxb5 27. Qa8+
Kd7 28. Qxh8 Qxb2 29. Rf1 c5 30. Qxh5 g4 31. Qh8 c4 32. Qa8 c3 33. Ra1 Nc6 34.
Qb7+ Kd6 35. Ra6 c2 36. Rxb6 c1=Q+ 37. Kg2 Qxb6 38. Qxb6 Qa3 39. Qb7 Qa7 40.
Qb1 Ne7 41. Qb4+ Ke6 42. h4 gxh3+ 43. Kxh3 Nc8 44. Qf8 Qh7+ 45. Kg2 Nd6 46. Kf3
Qh1+ 47. Ke2 Qg2 48. Qg8+ Kd7 49. Qg7+ Kc6 50. Qg6 Qe4 51. Qf6 1/2-1/2

[Event "Open Tre Circoli"]
[Site "Udine ITA"]
[Date "2012.02.18"]
[Round "4"]
[White "Pellicoro, Roberto"]
[Black "Marziali, Giulio"]
[WhiteElo "1404"]
[BlackElo "1502"]
[Result "0-1"]
[PlyCount "58"]
[EventDate "2012.01.21"]

1. e4 c6 2. Nf3 d5 3. Nc3 e6 4. d3 Nf6 5. Bg5 Be7 6. Be2 h6 7. Bxf6 Bxf6 8. e5
Be7 9. O-O c5 10. d4 Nc6 11. Bb5 a6 12. Bxc6+ bxc6 13. Ne2 O-O 14. c3 Rb8 15.
b3 Bd7 16. dxc5 Bxc5 17. b4 Ba7 18. Qa4 Qc8 19. Qc2 c5 20. bxc5 Qxc5 21. Qd3
Rfc8 22. Qxa6 Bb5 23. Qd6 Qxd6 24. exd6 Bxe2 25. d7 Rxc3 26. Rfc1 d4 27. Rab1
Rd8 28. Ne5 f6 29. Nc6 Rxd7 0-1

[Event "Open Tre Circoli"]
[Site "Udine ITA"]
[Date "2012.02.18"]
[Round "4"]
[White "Pillon, Giovanni Pietro"]
[Black "Bozza, Stefano"]
[WhiteElo "1890"]
[BlackElo "1836"]
[Result "1/2-1/2"]
[PlyCount "107"]
[EventDate "2012.01.21"]

1. e4 e5 2. Nf3 Nc6 3. Bc4 Bc5 4. Nc3 Nf6 5. d3 d6 6. Bg5 Na5 7. Nd5 c6 8.
Nxf6+ gxf6 9. Bd2 Nxc4 10. dxc4 Be6 11. Qe2 Rg8 12. g3 Qd7 13. O-O-O O-O-O 14.
Bc3 Qc7 15. Nd2 f5 16. Nb3 Bb6 17. exf5 Bxf5 18. c5 dxc5 19. Qxe5 Qxe5 20. Bxe5
Rde8 21. Rde1 Rg6 22. Bc3 Rge6 23. Rxe6 Rxe6 24. Re1 Kd8 25. Rxe6 Bxe6 26. Ba5
Bxa5 27. Nxa5 Kc7 28. Nb3 Bxb3 29. cxb3 Kd6 30. Kd2 Kd5 31. Kd3 a5 32. h4 h5
33. f3 f5 34. g4 fxg4 35. fxg4 hxg4 36. Ke3 Ke5 37. Kf2 Kf4 38. Kg2 b5 39. Kf2
a4 40. bxa4 bxa4 41. b3 axb3 42. axb3 g3+ 43. Kg2 Kg4 44. h5 Kxh5 45. Kxg3 Kg5
46. Kf3 Kf5 47. Ke3 Ke5 48. Kd3 Kd5 49. Kc3 Ke6 50. Kc4 Kd6 51. Kc3 Kc7 52. Kc4
Kb6 53. b4 cxb4 54. Kxb4 1/2-1/2

[Event "Open Tre Circoli"]
[Site "Udine ITA"]
[Date "2012.02.18"]
[Round "4"]
[White "Redo, Stefano"]
[Black "Zucchetto, Pierpaolo"]
[WhiteElo "1879"]
[BlackElo "1802"]
[Result "1-0"]
[PlyCount "96"]
[EventDate "2012.01.21"]

1. e4 e6 2. d4 d5 3. Nc3 dxe4 4. Nxe4 Nf6 5. Bd3 Be7 6. Nf3 Nc6 7. a3 a6 8. Bf4
Nd5 9. Bd2 b5 10. O-O Nf6 11. c3 Bb7 12. Re1 Qd5 13. Bf4 Rc8 14. a4 b4 15. c4
Qh5 16. Ng3 Qa5 17. d5 exd5 18. Nf5 dxc4 19. Bb1 Qd5 20. Qe2 O-O 21. Nxe7+ Nxe7
22. Qxe7 Qh5 23. Qxb4 Bxf3 24. gxf3 Qxf3 25. Bg3 Qg4 26. Ba2 Rcd8 27. Bxc4 Rd4
28. b3 Nd5 29. Qc5 Nf4 30. Bf1 Ne6 31. Qc3 Ng5 32. h3 Qd7 33. Bg2 Rd8 34. Qe3
h6 35. Rac1 Rd3 36. Qe7 Qd4 37. Qxc7 Qb2 38. Qc2 Qd4 39. Kh2 Qd7 40. Qc6 Qd4
41. Re8+ Rxe8 42. Qxe8+ Kh7 43. Rc4 Qd7 44. Qxd7 Rxd7 45. Rc6 Rd3 46. b4 Rb3
47. Bd6 Rb2 48. f4 Ne4 1-0

[Event "Open Tre Circoli"]
[Site "Udine ITA"]
[Date "2012.02.18"]
[Round "4"]
[White "Russotto, Gioele"]
[Black "Pontonutti, Luciana"]
[WhiteElo "1404"]
[BlackElo "1442"]
[Result "1-0"]
[PlyCount "70"]
[EventDate "2012.01.21"]

1. e4 e5 2. Nf3 Nc6 3. Bc4 Be7 4. Nc3 Nf6 5. d3 d6 6. h3 h6 7. O-O O-O 8. Be3
Nh7 9. d4 Bd7 10. Re1 Na5 11. Bd3 c6 12. b4 c5 13. bxc5 Qc7 14. Nd5 Qd8 15.
cxd6 Bxd6 16. dxe5 Bb8 17. Bc5 Re8 18. Bd6 Nc6 19. Bxb8 Rxb8 20. Nc3 Nxe5 21.
Nxe5 Rxe5 22. Rb1 a6 23. Bc4 Nf6 24. Qd4 Qe7 25. f4 Rh5 26. e5 Ne8 27. Rb4 Be6
28. Bxe6 Qxe6 29. Rb6 Qc8 30. e6 Rc5 31. Nd5 Kf8 32. exf7 Nc7 33. Qxc5+ Kxf7
34. Qe7+ Kg8 35. Nxc7 Qd8 1-0

[Event "Open Tre Circoli"]
[Site "Udine ITA"]
[Date "2012.02.18"]
[Round "4"]
[White "Salone, Andrea"]
[Black "Roiatti, Noris"]
[WhiteElo "1572"]
[BlackElo "1769"]
[Result "0-1"]
[PlyCount "108"]
[EventDate "2012.01.21"]

1. Nf3 d5 2. g3 Nc6 3. Bg2 Nf6 4. O-O e5 5. d3 h6 6. c3 Be6 7. b4 Bd6 8. Qc2
Qd7 9. Nbd2 O-O 10. b5 Ne7 11. a4 Bh3 12. c4 Bxg2 13. Kxg2 c6 14. Bb2 Ng6 15.
e4 d4 16. h3 c5 17. a5 Qd8 18. Qb3 Nh7 19. b6 a6 20. h4 Qd7 21. h5 Ne7 22. Rae1
Rae8 23. Rh1 f5 24. exf5 Qxf5 25. Re2 Nc6 26. Qa3 Nb4 27. Ne1 Ng5 28. Rh4 Be7
29. Bc1 Nf7 30. Rh2 Nd6 31. Qb3 Bg5 32. Ne4 Nxe4 33. dxe4 Qf6 34. Bxg5 Qxg5 35.
Qd1 Qf6 36. Rb2 Nc6 37. Ra2 Nb4 38. Rb2 d3 39. Rd2 Qf7 40. Qb3 Nc2 41. Nxc2
Qf3+ 42. Kg1 dxc2 43. Qxc2 Qa3 44. Qa2 Qxa2 45. Rxa2 Rd8 46. Rh4 Rd4 47. Rc2
Rf3 48. Rg4 Ra3 49. Rg6 Rxe4 50. Rb2 Rxc4 51. Rc6 Rxa5 52. Rc8+ Kh7 53. Rc7 Rb4
54. Rxb4 cxb4 0-1

[Event "Open Tre Circoli"]
[Site "Udine ITA"]
[Date "2012.02.18"]
[Round "4"]
[White "Simoni, Giulio"]
[Black "Muzzolini, Claudio"]
[WhiteElo "1658"]
[BlackElo "1841"]
[Result "1/2-1/2"]
[PlyCount "117"]
[EventDate "2012.01.21"]

1. e4 e5 2. Nc3 Nc6 3. d3 Nf6 4. g3 d5 5. exd5 Nxd5 6. Nxd5 Qxd5 7. Qf3 Be6 8.
Bg2 O-O-O 9. Qxd5 Bxd5 10. Bxd5 Rxd5 11. Bd2 Bb4 12. O-O-O Rhd8 13. Bxb4 Nxb4
14. a3 Nc6 15. Ne2 Nd4 16. Nxd4 Rxd4 17. Rde1 f6 18. Re4 c5 19. Rxd4 cxd4 20.
Re1 Kd7 21. g4 g5 22. Kd2 Rh8 23. h3 h5 24. Rg1 hxg4 25. hxg4 Rh2 26. Ke2 Ke6
27. Kf1 f5 28. gxf5+ Kxf5 29. Rg2 Rh1+ 30. Rg1 Rh7 31. Ke2 Kf4 32. Re1 Rh2 33.
Rg1 g4 34. a4 Rh6 35. Rg3 a6 36. b3 a5 37. Rg1 Rh3 38. Rg2 Kg5 39. Rg3 Rh2 40.
Kf1 Rh1+ 41. Rg1 Rh3 42. Rg2 Kf4 43. Ke2 Rh6 44. Rg3 Rg6 45. Ke1 e4 46. dxe4
Kxe4 47. f3+ Kf4 48. Rxg4+ Rxg4 49. fxg4 Kxg4 50. Ke2 Kf4 51. Kd3 Ke5 52. Kc4
Ke4 53. b4 b6 54. bxa5 bxa5 55. Kc5 Ke5 56. Kb5 Kd5 57. Kxa5 Kc5 58. Ka6 Kb4
59. a5 1/2-1/2

[Event "Open Tre Circoli"]
[Site "Udine ITA"]
[Date "2012.02.18"]
[Round "4"]
[White "Willis, Daniel"]
[Black "Sorgo, Roberto"]
[WhiteElo "1715"]
[BlackElo "1883"]
[Result "1/2-1/2"]
[PlyCount "54"]
[EventDate "2012.01.21"]

1. d4 e6 2. c4 f5 3. Nc3 Bb4 4. e3 Bxc3+ 5. bxc3 Nf6 6. Ba3 d6 7. Bd3 b6 8. f3
Bb7 9. Nh3 Nh5 10. Qc2 Qh4+ 11. Nf2 Nd7 12. g3 Qg5 13. Qe2 Nhf6 14. e4 O-O-O
15. Bc1 Qg6 16. a4 a5 17. Rb1 fxe4 18. fxe4 e5 19. O-O h5 20. c5 dxc5 21. Ba6
h4 22. Bxb7+ Kxb7 23. g4 cxd4 24. cxd4 exd4 25. Bf4 Rhe8 26. Qf3 Ne5 27. Qg2
Nexg4 1/2-1/2

[Event "Open Tre Circoli"]
[Site "Udine ITA"]
[Date "2012.02.25"]
[Round "5"]
[White "Bernard, Federico"]
[Black "Salone, Andrea"]
[WhiteElo "1482"]
[BlackElo "1572"]
[Result "0-1"]
[PlyCount "43"]
[EventDate "2012.01.21"]

1. c4 Nf6 2. Nc3 g6 3. d4 Bg7 4. h3 d5 5. Bf4 c6 6. e3 O-O 7. Bd3 Nbd7 8. Nge2
Re8 9. cxd5 Nxd5 10. Nxd5 cxd5 11. Nc3 e5 12. dxe5 Nxe5 13. Bb5 Re7 14. Qxd5
Qa5 15. O-O Be6 16. Qe4 Bf5 17. Qa4 Qxa4 18. Nxa4 a6 19. Be2 Nd3 20. Bd6 Ree8
21. Ba3 b5 22. Nb6 0-1

[Event "Open Tre Circoli"]
[Site "Udine ITA"]
[Date "2012.02.25"]
[Round "5"]
[White "Bisaro, Andrea"]
[Black "Ciani, Davide"]
[WhiteElo "1756"]
[BlackElo "1719"]
[Result "0-1"]
[PlyCount "96"]
[EventDate "2012.01.21"]

1. d4 d5 2. c4 c6 3. Nf3 e6 4. Nc3 f5 5. e3 Nf6 6. Bd3 Bb4 7. O-O O-O 8. Ne5
Nbd7 9. f4 Nxe5 10. fxe5 Ne4 11. Ne2 Bd7 12. c5 g5 13. Rf3 Be8 14. Bxe4 dxe4
15. Rf2 Qe7 16. Qa4 Be1 17. Rf1 Bh4 18. g3 Bxg3 19. Nxg3 h5 20. Qd1 Qh7 21. Qe1
h4 22. Ne2 Bh5 23. h3 Bf3 24. Kh2 Rae8 25. Ng1 Qh5 26. Nxf3 exf3 27. e4 g4 28.
Qe3 g3+ 29. Kg1 f2+ 30. Kg2 f4 31. Qf3 Qg5 32. Bd2 Re7 33. Rac1 Kh7 34. Rc3 Kg6
35. Rd3 Ref7 36. Bc3 Qh5 37. Rfd1 Qxf3+ 38. Rxf3 Rd8 39. Rdd3 Rdd7 40. d5 cxd5
41. exd5 Rxd5 42. Rxd5 exd5 43. Bd2 Re7 44. Bxf4 d4 45. Rd3 Kf5 46. Rxd4 Rc7
47. Be3 Kxe5 48. Rxh4 Rf7 0-1

[Event "Open Tre Circoli"]
[Site "Udine ITA"]
[Date "2012.02.25"]
[Round "5"]
[White "Bozza, Stefano"]
[Black "Orsatti, Marcello"]
[WhiteElo "1836"]
[BlackElo "1976"]
[Result "0-1"]
[PlyCount "98"]
[EventDate "2012.01.21"]

1. e4 d6 2. d4 Nf6 3. Nc3 c6 4. Bd3 e5 5. dxe5 dxe5 6. Nf3 Bc5 7. O-O Nbd7 8.
Qe2 O-O 9. Nd1 Qc7 10. Ne3 b5 11. Nh4 g6 12. Ng4 Nxg4 13. Qxg4 Nf6 14. Qe2 Bg4
15. Nf3 Nh5 16. h3 Be6 17. Ne1 Ng3 18. Qf3 Nxf1 19. Bxf1 f5 20. Nd3 fxe4 21.
Qxe4 Bd5 22. Qg4 Bb6 23. Be3 Bxe3 24. fxe3 c5 25. e4 Bc4 26. b3 Bxd3 27. Bxd3
Qc6 28. Qe2 Rab8 29. a4 Qd6 30. Kh1 b4 31. Rd1 Qe7 32. Qg4 Kg7 33. Bc4 Rbd8 34.
Rxd8 Rxd8 35. Bd3 Rf8 36. Qg3 Rf4 37. Qe3 Qf8 38. Kg1 Qd6 39. Kh2 Qd4 40. Qxd4
exd4 41. Kg3 g5 42. Kh2 a5 43. Kg1 h5 44. Kh2 Kf6 45. g3 Rf3 46. Kg2 Re3 47.
Kf2 Ke5 48. h4 gxh4 49. gxh4 Rh3 0-1

[Event "Open Tre Circoli"]
[Site "Udine ITA"]
[Date "2012.02.25"]
[Round "5"]
[White "De Nardo, Elena"]
[Black "Stefanutti, Piero"]
[WhiteElo "1520"]
[BlackElo "1501"]
[Result "1-0"]
[PlyCount "113"]
[EventDate "2012.01.21"]

1. d4 Nf6 2. c4 e6 3. Nc3 Bb4 4. a3 Bxc3+ 5. bxc3 c5 6. Nf3 Nc6 7. e3 b6 8. Bd3
d6 9. e4 e5 10. Bc2 Bd7 11. d5 Na5 12. Qe2 h6 13. O-O g6 14. Ne1 Qe7 15. Rb1
O-O-O 16. Bb3 g5 17. Nc2 g4 18. Ne3 Rdg8 19. g3 h5 20. Ng2 Nh7 21. f3 Ng5 22.
Bxg5 Qxg5 23. f4 exf4 24. Rxf4 f6 25. Nh4 Qe5 26. Qc2 Rh7 27. Rbf1 Rf7 28. Nf5
Rg6 29. Nh4 Rh6 30. Kg2 Kc7 31. Nf5 Rg6 32. Nh4 Rh6 33. Rb1 Qe8 34. Nf5 Rg6 35.
Nh4 Rh6 36. Qd2 Qh8 37. Bc2 Qf8 38. Bd3 Qh8 39. Rf2 Qf8 40. e5 dxe5 41. Nf5
Bxf5 42. Rxf5 Kd6 43. Rf2 h4 44. Be2 hxg3 45. Kxg3 Qh8 46. Bxg4 Rg7 47. Rbf1
Rh3+ 48. Kg2 Rxg4+ 49. Kh1 Rg6 50. Qc2 Qg7 51. Qf5 Rhh6 52. Qe6+ Kc7 53. d6+
Kd8 54. Rd1 Qf8 55. d7 Qe7 56. Qxe7+ Kxe7 57. d8=Q+ 1-0

[Event "Open Tre Circoli"]
[Site "Udine ITA"]
[Date "2012.02.25"]
[Round "5"]
[White "Degano, Emanuele"]
[Black "Facchin, Francesco"]
[WhiteElo "1725"]
[BlackElo "1733"]
[Result "1/2-1/2"]
[PlyCount "124"]
[EventDate "2012.01.21"]

1. f4 d5 2. b3 Nf6 3. Bb2 Bf5 4. Nf3 h6 5. g3 Nc6 6. Bg2 e6 7. Nc3 Bd6 8. Nb5
a6 9. Nxd6+ Qxd6 10. d3 Ng4 11. Nh4 Qc5 12. Nxf5 Qf2+ 13. Kd2 exf5 14. Qg1 Qxg1
15. Rhxg1 O-O-O 16. h3 Nf6 17. c4 d4 18. Rae1 Rhe8 19. a3 Re6 20. e4 dxe3+ 21.
Rxe3 Nd4 22. b4 Kb8 23. Rge1 Red6 24. Bf1 c6 25. Bxd4 Rxd4 26. Kc3 Kc7 27. Re7+
R4d7 28. R1e3 Rxe7 29. Rxe7+ Rd7 30. Rxd7+ Kxd7 31. Be2 Kd6 32. Kd4 Nd7 33. Bf3
c5+ 34. Kc3 b6 35. Bd5 f6 36. Bb7 a5 37. bxa5 bxa5 38. Bc8 a4 39. d4 cxd4+ 40.
Kxd4 Nc5 41. Bxf5 Nb3+ 42. Kc3 Kc5 43. Bc2 Na5 44. Bd3 Nb3 45. Bc2 Na5 46. Bxa4
Nxc4 47. Kb3 Nd2+ 48. Kc2 Ne4 49. Bd7 Nxg3 50. Kd3 g5 51. fxg5 hxg5 52. a4 Nh5
53. Ke4 Nf4 54. h4 Kb4 55. Be8 Ka5 56. Kf5 Kb4 57. Kg4 Ka5 58. h5 Nxh5 59. Kxh5
Kb4 60. Kg4 Ka5 61. Kf5 Kb4 62. Bd7 Ka5 1/2-1/2